[Event "Oberbayern Bezirksliga 1718"]
[Site "Germany"]
[Date "2018.04.15"]
[Round "9.4"]
[White "Gradl, Winfried"]
[Black "Rosner, Gerhard"]
[Result "1/2-1/2"]
[WhiteElo "1881"]
[BlackElo "2032"]
[PlyCount "36"]
[EventDate "2017.10.22"]
[EventType "team-tourn"]
[EventRounds "9"]
[EventCountry "GER"]
[SourceTitle "EXT 2019"]
[Source "ChessBase"]
[SourceDate "2018.10.10"]
[SourceVersion "1"]
[SourceVersionDate "2018.10.10"]
[SourceQuality "1"]
[WhiteTeam "Fuerstenfeldbruck"]
[BlackTeam "Pang/Rosenheim II"]
[WhiteTeamCountry "GER"]
[BlackTeamCountry "GER"]

1. d4 d5 2. c4 dxc4 3. Nf3 Nf6 4. e3 e6 5. Bxc4 c5 6. 0-0 a6 7. dxc5 Qxd1 8. Rxd1 Bxc5 9. a4 b6 10. b3 Bb7 11. Bb2 Nc6 12. Nbd2 Na5 13. Be2 0-0 14. Bc3 Nd5 15. Bb2 Bb4 16. Rac1 Rac8 17. Rxc8 Rxc8 18. Rc1 Rxc1+ 1/2-1/2

[Event "Oberliga Bayern 1718"]
[Site "Bayern"]
[Date "2018.02.04"]
[Round "6.7"]
[White "Rosner, Gerhard"]
[Black "Mostbauer, Florian"]
[Result "0-1"]
[WhiteElo "2069"]
[BlackElo "2279"]
[PlyCount "48"]
[EventDate "2017.10.22"]
[EventType "team-tourn"]
[EventRounds "9"]
[EventCountry "GER"]
[SourceTitle "EXT 2020"]
[Source "ChessBase"]
[SourceDate "2019.10.17"]
[SourceVersion "1"]
[SourceVersionDate "2019.10.17"]
[SourceQuality "1"]
[WhiteTeam "Pang/Rosenheim"]
[BlackTeam "Passau"]
[WhiteTeamCountry "GER"]
[BlackTeamCountry "GER"]

1. c4 c6 2. g3 d5 3. Nf3 Nf6 4. b3 Bf5 5. Bg2 e6 6. 0-0 Be7 7. Bb2 0-0 8. d3 h6 9. Nbd2 a5 10. Qc2 Bh7 11. a3 Nbd7 12. Bc3 b5 13. cxb5 cxb5 14. b4 Qc7 15. Qb2 axb4 16. Bxb4 Bxb4 17. Qxb4 Rfb8 18. Rfc1 Qb6 19. Rcb1 e5 20. Qc3 Rc8 21. Qb3 Bf5 22. e4 dxe4 23. dxe4 Be6 24. Qxb5 Rc1+ 0-1

[Event "Oberbayern Bezirksliga 1718"]
[Site "Germany"]
[Date "2017.11.26"]
[Round "3.3"]
[White "Litzka, Matthias"]
[Black "Rosner, Gerhard"]
[Result "1/2-1/2"]
[WhiteElo "2052"]
[BlackElo "2032"]
[PlyCount "70"]
[EventDate "2017.10.22"]
[EventType "team-tourn"]
[EventRounds "9"]
[EventCountry "GER"]
[SourceTitle "EXT 2019"]
[Source "ChessBase"]
[SourceDate "2018.10.10"]
[SourceVersion "1"]
[SourceVersionDate "2018.10.10"]
[SourceQuality "1"]
[WhiteTeam "Starnberg"]
[BlackTeam "Pang/Rosenheim II"]
[WhiteTeamCountry "GER"]
[BlackTeamCountry "GER"]

1. Nf3 d5 2. d4 Nf6 3. c4 dxc4 4. e3 e6 5. Bxc4 c5 6. 0-0 a6 7. Bb3 Nc6 8. Nc3 Bd6 9. Qe2 Qc7 10. h3 b5 11. dxc5 Bxc5 12. Rd1 Bb7 13. e4 0-0 14. e5 Nd7 15. Bf4 Ne7 16. Rac1 Ng6 17. Bg3 Rfd8 18. Ne4 Bxe4 19. Qxe4 Qa7 20. h4 Bb6 21. h5 Ngf8 22. Bc2 Nc5 23. Qf4 Rxd1+ 24. Rxd1 Rd8 25. Nd4 Rd5 26. Nb3 Qd7 27. Rxd5 Qxd5 28. Nxc5 Bxc5 29. a4 Nd7 30. axb5 axb5 31. b4 Bf8 32. Qe4 Qxe4 33. Bxe4 Bxb4 34. Bc6 Nb6 35. Bxb5 Nd5 1/2-1/2

[Event "Oberbayern-ch"]
[Site "Hochstaett am Inn"]
[Date "2017.05.28"]
[Round "1.8"]
[White "Gilhuber, Max"]
[Black "Rosner, Gerhard"]
[Result "1/2-1/2"]
[WhiteElo "1699"]
[BlackElo "2029"]
[PlyCount "61"]
[EventDate "2017.05.28"]
[EventType "swiss"]
[EventRounds "7"]
[EventCountry "GER"]
[SourceTitle "EXT 2022"]
[Source "ChessBase"]
[SourceDate "2021.10.06"]
[SourceVersion "1"]
[SourceVersionDate "2021.10.06"]
[SourceQuality "1"]

1. d4 Nf6 2. Nf3 e6 3. c4 d5 4. Nc3 Be7 5. e3 0-0 6. Bd3 c5 7. 0-0 Nc6 8. a3 b6 9. Ne5 Bb7 10. cxd5 exd5 11. Nxc6 Bxc6 12. Re1 Qd7 13. b3 Rfd8 14. Bb2 Ne4 15. Qc2 f5 16. Rad1 Bf6 17. dxc5 bxc5 18. Nxe4 Bxb2 19. Nxc5 Qe7 20. Qxb2 Qxc5 21. Bxf5 Qe7 22. Qc2 Rd6 23. Bxh7+ Kh8 24. Bf5 Rf8 25. Bh3 Rh6 26. a4 Rxh3 27. gxh3 Qh4 28. Rf1 Qxh3 29. Qxc6 Qg4+ 30. Kh1 Qf3+ 31. Kg1 1/2-1/2

[Event "Oberbayern-ch"]
[Site "Hochstaett am Inn"]
[Date "2017.05.28"]
[Round "4.6"]
[White "Rosner, Gerhard"]
[Black "Kobl, Rudolf"]
[Result "1-0"]
[WhiteElo "2029"]
[BlackElo "1912"]
[PlyCount "95"]
[EventDate "2017.05.28"]
[EventType "swiss"]
[EventRounds "7"]
[EventCountry "GER"]
[SourceTitle "EXT 2022"]
[Source "ChessBase"]
[SourceDate "2021.10.06"]
[SourceVersion "1"]
[SourceVersionDate "2021.10.06"]
[SourceQuality "1"]

1. c4 e5 2. Nc3 Bb4 3. e4 Bxc3 4. bxc3 Nf6 5. d3 0-0 6. Ba3 Re8 7. Nf3 d6 8. Be2 Nbd7 9. 0-0 Nc5 10. g3 b6 11. Nh4 Bh3 12. Re1 Qd7 13. Qd2 Ne6 14. Nf5 g6 15. Ne3 c6 16. f3 h5 17. Bd1 h4 18. Ba4 b5 19. cxb5 cxb5 20. Bb3 hxg3 21. hxg3 Kg7 22. Kf2 Rh8 23. Rh1 a5 24. Rh2 a4 25. Bxe6 Bxe6 26. Rah1 Rxh2+ 27. Rxh2 Rh8 28. Rxh8 Kxh8 29. g4 Kg7 30. Bc1 Kf8 31. Kg2 Qe7 32. Ba3 Kg7 33. d4 Bd7 34. dxe5 Qxe5 35. Bxd6 Qe6 36. Bc5 Kg8 37. Bd4 Bc6 38. Kg1 Bb7 39. Qh2 Kf8 40. Qb8+ Bc8 41. Bxf6 Qxf6 42. Qxc8+ Kg7 43. Kg2 Qd6 44. Nd5 Qa3 45. Nb4 Qb2+ 46. Kg3 Qd2 47. Qc5 g5 48. Qd4+ 1-0

[Event "Oberbayern Bezirksliga 1617"]
[Site "Germany"]
[Date "2017.04.02"]
[Round "8.4"]
[White "Rosner, Gerhard"]
[Black "Azemovic, Almir"]
[Result "1-0"]
[WhiteElo "2019"]
[BlackElo "1955"]
[PlyCount "105"]
[EventDate "2016.10.16"]
[EventType "team-tourn"]
[EventRounds "9"]
[EventCountry "GER"]
[SourceTitle "EXT 2019"]
[Source "ChessBase"]
[SourceDate "2018.10.10"]
[SourceVersion "1"]
[SourceVersionDate "2018.10.10"]
[SourceQuality "1"]
[WhiteTeam "Pang/Rosenheim"]
[BlackTeam "Moosburg SC"]
[WhiteTeamCountry "GER"]
[BlackTeamCountry "GER"]

1. c4 Nf6 2. g3 e5 3. Bg2 Be7 4. Nc3 d6 5. Nf3 0-0 6. d4 Nbd7 7. 0-0 c6 8. Qc2 Re8 9. h3 Qc7 10. Be3 Bf8 11. Rac1 g6 12. Rfd1 Bg7 13. Ng5 Nf8 14. dxe5 dxe5 15. Nce4 Nxe4 16. Nxe4 Bf5 17. Qb3 Bxe4 18. Bxe4 Ne6 19. c5 Nd4 20. Qc4 Rad8 21. Bg2 Kh8 22. Bg5 f6 23. Bd2 Qe7 24. e3 Ne6 25. b4 f5 26. Bc3 e4 27. Bxg7+ Kxg7 28. Qc3+ Qf6 29. Qxf6+ Kxf6 30. Bf1 Ng5 31. Kg2 Nf3 32. Be2 Ne5 33. Kf1 Ke6 34. Ke1 h6 35. Rxd8 Rxd8 36. Rd1 Rxd1+ 37. Kxd1 Kd5 38. Kc2 g5 39. Kc3 g4 40. h4 a6 41. Kd2 a5 42. bxa5 Nd3 43. Bxd3 exd3 44. Kxd3 Kxc5 45. e4 fxe4+ 46. Kxe4 h5 47. f4 gxf3 48. Kxf3 Kd5 49. g4 hxg4+ 50. Kxg4 c5 51. Kf3 Ke5 52. Ke3 c4 53. Kd2 1-0

[Event "Oberbayern Bezirksliga 1617"]
[Site "Germany"]
[Date "2016.12.04"]
[Round "3.4"]
[White "Rosner, Gerhard"]
[Black "Kretschel, Klaus"]
[Result "1-0"]
[WhiteElo "2019"]
[BlackElo "1987"]
[PlyCount "81"]
[EventDate "2016.10.16"]
[EventType "team-tourn"]
[EventRounds "9"]
[EventCountry "GER"]
[SourceTitle "EXT 2019"]
[Source "ChessBase"]
[SourceDate "2018.10.10"]
[SourceVersion "1"]
[SourceVersionDate "2018.10.10"]
[SourceQuality "1"]
[WhiteTeam "Pang/Rosenheim"]
[BlackTeam "Fuerstenfeldbruck"]
[WhiteTeamCountry "GER"]
[BlackTeamCountry "GER"]

1. c4 e5 2. Nc3 Nc6 3. Nf3 f5 4. d3 Nf6 5. g3 d6 6. Bg2 g6 7. 0-0 Bg7 8. Rb1 a5 9. a3 0-0 10. b4 axb4 11. axb4 Ne7 12. e3 h6 13. Nd2 c6 14. Bb2 g5 15. b5 Bd7 16. Qb3 Be6 17. Ra1 Qd7 18. Rxa8 Rxa8 19. Ra1 Rxa1+ 20. Bxa1 Qd8 21. Bb2 Nd7 22. Ba3 Nc5 23. Bxc5 dxc5 24. bxc6 bxc6 25. Qc2 Qa5 26. Ne2 Kf7 27. Nf1 Qb4 28. Nd2 Bd7 29. Qa2 Nc8 30. Nf1 Bf6 31. Nd2 Bd8 32. Qc2 Ba5 33. Nb3 Qe1+ 34. Bf1 f4 35. Nxa5 fxe3 36. fxe3 Qxa5 37. Qc3 Qc7 38. Qb2 Qd6 39. Nc3 Bf5 40. Qf2 Kg7 41. Qxf5 1-0

[Event "Regionalliga SO 1112"]
[Site "Bayern"]
[Date "2011.10.23"]
[Round "2.4"]
[White "Wiedmann, Klaus"]
[Black "Rosner, Gerhard"]
[Result "1/2-1/2"]
[WhiteElo "1947"]
[BlackElo "2065"]
[PlyCount "31"]
[EventDate "2011.10.02"]
[EventType "team-tourn"]
[EventRounds "9"]
[EventCountry "GER"]
[SourceTitle "EXT 2013"]
[Source "ChessBase"]
[SourceDate "2012.11.22"]
[SourceVersion "1"]
[SourceVersionDate "2012.11.22"]
[SourceQuality "1"]
[WhiteTeam "Rottal II"]
[BlackTeam "Pang/Rosenheim II"]
[WhiteTeamCountry "GER"]
[BlackTeamCountry "GER"]

1. e4 d5 2. exd5 Qxd5 3. Nc3 Qa5 4. d4 Nf6 5. Nf3 Bg4 6. Bd2 c6 7. Bc4 e6 8. h3 Bxf3 9. Qxf3 Qc7 10. 0-0 Nbd7 11. Rfe1 0-0-0 12. Bf4 Bd6 13. Bxd6 Qxd6 14. Rad1 Nb6 15. Bb3 Nbd5 16. Ne4 1/2-1/2

[Event "Regionalliga SO 1011"]
[Site "Bayern"]
[Date "2011.04.10"]
[Round "9.5"]
[White "Rosner, Gerhard"]
[Black "Nurbekoglu, Michael"]
[Result "1/2-1/2"]
[WhiteElo "2040"]
[BlackElo "2012"]
[PlyCount "68"]
[EventDate "2010.10.10"]
[EventType "team-tourn"]
[EventRounds "9"]
[EventCountry "GER"]
[SourceTitle "EXT 2012"]
[Source "ChessBase"]
[SourceDate "2011.11.24"]
[SourceVersion "1"]
[SourceVersionDate "2011.11.24"]
[SourceQuality "1"]
[WhiteTeam "Pang/Rosenheim II"]
[BlackTeam "Landshut"]
[WhiteTeamCountry "GER"]
[BlackTeamCountry "GER"]

1. d4 g6 2. c4 Bg7 3. Nc3 c5 4. e3 Nf6 5. Nf3 0-0 6. Be2 cxd4 7. Nxd4 Nc6 8. Nc2 d6 9. 0-0 Bf5 10. f3 Qb6 11. Kh1 Bxc2 12. Qxc2 Bh6 13. e4 Nd4 14. Qd3 Bxc1 15. Raxc1 e5 16. b3 Nh5 17. Rfd1 Nf4 18. Qd2 Qd8 19. Bf1 Kg7 20. Qf2 Nfe6 21. Nd5 b6 22. Qe3 f5 23. exf5 Nxf5 24. Qe1 Rf7 25. Bd3 Nfd4 26. Be4 Rc8 27. Nc3 Qf8 28. Bd5 Re8 29. Ne4 Rd7 30. Bxe6 Rxe6 31. Qe3 Nf5 32. Qd2 Nd4 33. Qe3 Nf5 34. Qd2 Nd4 1/2-1/2

[Event "Regionalliga SO 1011"]
[Site "Bayern"]
[Date "2011.02.27"]
[Round "7.4"]
[White "Haletzki, Bernd"]
[Black "Rosner, Gerhard"]
[Result "0-1"]
[WhiteElo "1966"]
[BlackElo "2040"]
[PlyCount "64"]
[EventDate "2010.10.10"]
[EventType "team-tourn"]
[EventRounds "9"]
[EventCountry "GER"]
[SourceTitle "EXT 2012"]
[Source "ChessBase"]
[SourceDate "2011.11.24"]
[SourceVersion "1"]
[SourceVersionDate "2011.11.24"]
[SourceQuality "1"]
[WhiteTeam "Straubing"]
[BlackTeam "Pang/Rosenheim II"]
[WhiteTeamCountry "GER"]
[BlackTeamCountry "GER"]

1. e4 c5 2. Nf3 e6 3. d4 cxd4 4. Nxd4 Bc5 5. Nb3 Be7 6. Bd3 Nc6 7. 0-0 Nf6 8. Nc3 a6 9. Be3 b5 10. a4 b4 11. Ne2 0-0 12. h3 Ne5 13. f4 Nxd3 14. cxd3 Bb7 15. Qd2 a5 16. g4 d6 17. Ng3 Nd7 18. Rfc1 Bh4 19. Ne2 f5 20. Ned4 Qe7 21. gxf5 exf5 22. Nxf5 Rxf5 23. exf5 Qf7 24. Nd4 Qd5 25. Kh2 Nc5 26. Rg1 Bf6 27. Ne6 Nb3 28. Nc7 Nxd2 29. Nxd5 Nf3+ 30. Kg3 Bxd5 31. Rgf1 Nd4 32. Rf2 Nxf5+ 0-1

[Event "Regionalliga SO 1011"]
[Site "Bayern"]
[Date "2011.02.06"]
[Round "6.4"]
[White "Rosner, Gerhard"]
[Black "Goetz, Andreas2"]
[Result "1-0"]
[WhiteElo "2040"]
[BlackElo "2007"]
[PlyCount "71"]
[EventDate "2010.10.10"]
[EventType "team-tourn"]
[EventRounds "9"]
[EventCountry "GER"]
[SourceTitle "EXT 2012"]
[Source "ChessBase"]
[SourceDate "2011.11.24"]
[SourceVersion "1"]
[SourceVersionDate "2011.11.24"]
[SourceQuality "1"]
[WhiteTeam "Pang/Rosenheim II"]
[BlackTeam "Ingolstadt II"]
[WhiteTeamCountry "GER"]
[BlackTeamCountry "GER"]

1. d4 d5 2. Nf3 c6 3. c3 g6 4. Bf4 Bg7 5. e3 Nh6 6. h3 f6 7. Bh2 Nf7 8. c4 0-0 9. Nc3 dxc4 10. Bxc4 b5 11. Be2 a6 12. 0-0 Nd7 13. a4 Bb7 14. d5 b4 15. dxc6 Bxc6 16. Nd5 Bxd5 17. Qxd5 e5 18. Rfd1 Ra7 19. Rac1 Qa8 20. Qe6 Re8 21. Qb3 Bf8 22. Bc4 Nc5 23. Qa2 Kg7 24. Bd5 Qb8 25. Nd4 Rc7 26. Bg3 Nd6 27. Nb3 Nf5 28. Bh2 Rd8 29. g4 Nxb3 30. Qxb3 Rxc1 31. Rxc1 Ne7 32. Bf3 Rd2 33. Rc4 a5 34. Rd4 Rxd4 35. exd4 f5 36. Bxe5+ 1-0

[Event "Regionalliga SO 1011"]
[Site "Bayern"]
[Date "2011.01.16"]
[Round "5.3"]
[White "Rosner, Gerhard"]
[Black "Brandl, Franz"]
[Result "1/2-1/2"]
[WhiteElo "2040"]
[BlackElo "2073"]
[PlyCount "60"]
[EventDate "2010.10.10"]
[EventType "team-tourn"]
[EventRounds "9"]
[EventCountry "GER"]
[SourceTitle "EXT 2012"]
[Source "ChessBase"]
[SourceDate "2011.11.24"]
[SourceVersion "1"]
[SourceVersionDate "2011.11.24"]
[SourceQuality "1"]
[WhiteTeam "Pang/Rosenheim II"]
[BlackTeam "Unterpfaff Germering"]
[WhiteTeamCountry "GER"]
[BlackTeamCountry "GER"]

1. c4 Nf6 2. Nc3 g6 3. g3 Bg7 4. Bg2 0-0 5. e3 c5 6. Nge2 Nc6 7. 0-0 d6 8. b3 Bf5 9. d4 cxd4 10. exd4 Qd7 11. Bb2 Bh3 12. Qd2 Bxg2 13. Kxg2 d5 14. c5 Ne8 15. a3 Nc7 16. b4 Ne6 17. Nd1 a6 18. f3 Rad8 19. Nf2 Nc7 20. Rad1 f6 21. Ng4 e5 22. Nf2 Ne6 23. Qc2 Kh8 24. Qb3 Ncxd4 25. Nxd4 Nxd4 26. Bxd4 exd4 27. Rxd4 f5 28. Rd3 Rfe8 29. Nh3 d4 30. Ng5 Re7 1/2-1/2

[Event "Regionalliga SO 0910"]
[Site "Bayern"]
[Date "2010.04.11"]
[Round "9.4"]
[White "Rosner, Gerhard"]
[Black "Tauber, Rainer"]
[Result "1/2-1/2"]
[WhiteElo "2040"]
[BlackElo "1963"]
[PlyCount "53"]
[EventDate "2009.10.18"]
[EventType "team-tourn"]
[EventRounds "9"]
[EventCountry "GER"]
[SourceTitle "EXT 2011"]
[Source "ChessBase"]
[SourceDate "2010.11.26"]
[SourceVersion "1"]
[SourceVersionDate "2010.11.26"]
[SourceQuality "1"]
[WhiteTeam "Pang/Rosenheim II"]
[BlackTeam "Deggendorf"]
[WhiteTeamCountry "GER"]
[BlackTeamCountry "GER"]

1. d4 d6 2. Nf3 g6 3. Bf4 Bg7 4. c3 Nd7 5. e3 e5 6. Bg5 Ngf6 7. Be2 Qe7 8. a4 h6 9. Bh4 0-0 10. 0-0 g5 11. Bg3 Ne4 12. Nfd2 Nxd2 13. Nxd2 f5 14. h3 f4 15. Bh2 Nf6 16. Re1 fxe3 17. fxe3 Bf5 18. dxe5 dxe5 19. Nf3 Ne4 20. Bd3 Rad8 21. Qc2 Nd6 22. Bxf5 Rxf5 23. Rad1 Rff8 24. e4 Qe6 25. Kh1 Nc8 26. Bg1 Bf6 27. Bh2 1/2-1/2

[Event "Regionalliga SO 0809"]
[Site "Bayern"]
[Date "2009.01.11"]
[Round "5.6"]
[White "Rosner, Gerhard"]
[Black "Hauschild, Rudolf Jr"]
[Result "1-0"]
[WhiteElo "2043"]
[BlackElo "1812"]
[PlyCount "57"]
[EventDate "2008.10.05"]
[EventType "team-tourn"]
[EventRounds "9"]
[EventCountry "GER"]
[SourceTitle "EXT 2020"]
[Source "ChessBase"]
[SourceDate "2019.10.17"]
[SourceVersion "1"]
[SourceVersionDate "2019.10.17"]
[SourceQuality "1"]
[WhiteTeam "Pang/Rosenheim II"]
[BlackTeam "Waldkraiburg"]
[WhiteTeamCountry "GER"]
[BlackTeamCountry "GER"]

1. c4 c5 2. Nf3 g6 3. Nc3 Bg7 4. g3 Nf6 5. Bg2 Nc6 6. 0-0 0-0 7. d3 d6 8. Qd2 Rb8 9. b3 a6 10. Bb2 e5 11. e3 h6 12. Rfd1 Bg4 13. h3 Bxf3 14. Bxf3 Qd7 15. Kh2 Nh7 16. Bd5 Ne7 17. Bg2 f5 18. Ne2 Rbd8 19. d4 Qc7 20. Qc3 f4 21. exf4 exd4 22. Qd3 Nf6 23. Ng1 Kh7 24. Nf3 Nh5 25. Re1 Rde8 26. Nh4 Nf6 27. Bf3 Qd7 28. Rxe7 Qxe7 29. Nxg6 1-0

[Event "Regionalliga SO 0809"]
[Site "Bayern"]
[Date "2008.11.30"]
[Round "3.3"]
[White "Rosner, Gerhard"]
[Black "Absmaier, Friedrich"]
[Result "1/2-1/2"]
[WhiteElo "2043"]
[BlackElo "2125"]
[PlyCount "67"]
[EventDate "2008.10.05"]
[EventType "team-tourn"]
[EventRounds "9"]
[EventCountry "GER"]
[SourceTitle "EXT 2020"]
[Source "ChessBase"]
[SourceDate "2019.10.17"]
[SourceVersion "1"]
[SourceVersionDate "2019.10.17"]
[SourceQuality "1"]
[WhiteTeam "Pang/Rosenheim II"]
[BlackTeam "Starnberg"]
[WhiteTeamCountry "GER"]
[BlackTeamCountry "GER"]

1. d4 d5 2. Nf3 Nf6 3. Bf4 Bf5 4. c3 c6 5. Qb3 Qb6 6. Nbd2 Nbd7 7. e3 e6 8. Be2 Be7 9. h3 h6 10. 0-0 0-0 11. Bh2 Rac8 12. Rac1 Rfe8 13. Rfe1 Ne4 14. Nxe4 Bxe4 15. Nd2 Bg6 16. f4 c5 17. Bb5 Red8 18. Bxd7 Qxb3 19. Nxb3 Rxd7 20. Nxc5 Bxc5 21. dxc5 Rxc5 22. Rcd1 Be4 23. Rd4 b5 24. Red1 Rb7 25. Bg3 a5 26. a3 Rc6 27. Be1 f6 28. Kf2 e5 29. R4d2 g5 30. fxe5 fxe5 31. Kg1 Rf6 32. Bg3 Rf5 33. Rf1 Rxf1+ 34. Kxf1 1/2-1/2

[Event "Regionalliga SO 0708"]
[Site "Bayern"]
[Date "2008.02.17"]
[Round "6.7"]
[White "Rosner, Gerhard"]
[Black "Schneider, Richard1"]
[Result "1/2-1/2"]
[WhiteElo "2021"]
[BlackElo "2104"]
[PlyCount "22"]
[EventDate "2007.10.21"]
[EventType "team-tourn"]
[EventRounds "9"]
[EventCountry "GER"]
[SourceTitle "EXT 2009"]
[Source "ChessBase"]
[SourceDate "2008.11.26"]
[SourceVersion "1"]
[SourceVersionDate "2008.11.26"]
[SourceQuality "1"]
[WhiteTeam "Pang/Rosenheim II"]
[BlackTeam "Graefelfing"]
[WhiteTeamCountry "GER"]
[BlackTeamCountry "GER"]

1. d4 d5 2. Nf3 Nf6 3. Bf4 c6 4. c3 Bf5 5. e3 e6 6. Nbd2 Nbd7 7. Be2 Be7 8. 0-0 Ne4 9. Nxe4 Bxe4 10. Ne5 Nxe5 11. Bxe5 0-0 1/2-1/2

[Event "Regionalliga SO 0607"]
[Site "Bayern"]
[Date "2007.02.25"]
[Round "6.4"]
[White "Rosner, Gerhard"]
[Black "Bauer, Robert"]
[Result "1/2-1/2"]
[WhiteElo "2046"]
[BlackElo "2050"]
[PlyCount "85"]
[EventDate "2006.10.15"]
[EventType "team-tourn"]
[EventRounds "9"]
[EventCountry "GER"]
[SourceTitle "EXT 2008"]
[Source "ChessBase"]
[SourceDate "2007.11.25"]
[SourceVersion "1"]
[SourceVersionDate "2007.11.25"]
[SourceQuality "1"]
[WhiteTeam "Pang/Rosenheim II"]
[BlackTeam "Freising"]
[WhiteTeamCountry "GER"]
[BlackTeamCountry "GER"]

1. d4 Nf6 2. Nf3 g6 3. Bf4 Bg7 4. c3 0-0 5. h3 d6 6. e3 Nc6 7. Be2 Qe8 8. 0-0 e5 9. Bh2 Qe7 10. a4 Rd8 11. Na3 Ne8 12. b4 e4 13. Nd2 a5 14. b5 Nb8 15. Qc2 f5 16. c4 Be6 17. Rab1 Nd7 18. Nb3 b6 19. Qd2 Kh8 20. Nc2 d5 21. Qc3 dxc4 22. Bxc4 Nd6 23. Be2 Nf6 24. Nd2 Nd5 25. Qb2 Rac8 26. Nc4 Ne8 27. Ne5 Qf6 28. Bc4 Ne7 29. Qb3 Bd5 30. Na3 Qe6 31. Rfc1 Nd6 32. Bxd5 Nxd5 33. Nac4 Nb4 34. Nxa5 Qxb3 35. Nxb3 Ra8 36. Ra1 Nd5 37. Nd2 Kg8 38. Nc6 Rd7 39. Nc4 Nf7 40. Bg3 g5 41. N4e5 Nxe5 42. Bxe5 Bf8 43. Rc4 1/2-1/2

[Event "Regionalliga SO 0506"]
[Site "Bayern"]
[Date "2006.02.19"]
[Round "7.6"]
[White "Rosner, Gerhard"]
[Black "Baumer, Christian"]
[Result "1-0"]
[WhiteElo "2056"]
[BlackElo "1793"]
[PlyCount "81"]
[EventDate "2005.10.23"]
[EventType "team-tourn"]
[EventRounds "9"]
[EventCountry "GER"]
[SourceTitle "EXT 2007"]
[Source "ChessBase"]
[SourceDate "2006.11.23"]
[SourceVersion "1"]
[SourceVersionDate "2006.11.23"]
[SourceQuality "1"]
[WhiteTeam "Pang/Rosenheim II"]
[BlackTeam "Dorfen PSV"]
[WhiteTeamCountry "GER"]
[BlackTeamCountry "GER"]

1. c4 c5 2. Nf3 Nf6 3. g3 g6 4. b3 Bg7 5. Bb2 Nc6 6. Bg2 0-0 7. 0-0 d5 8. cxd5 Qxd5 9. Ne5 Qd6 10. Nxc6 bxc6 11. d3 a5 12. Nd2 Ba6 13. Qc2 Rab8 14. Rac1 Bh6 15. Ba3 Nd7 16. Rcd1 f5 17. Nf3 Qe6 18. Rfe1 c4 19. bxc4 c5 20. Rb1 Qd6 21. e3 Qc7 22. Rxb8 Rxb8 23. Rb1 Bb7 24. Rb5 Bc6 25. Rxb8+ Qxb8 26. Bb2 Qc7 27. Qc3 Nf6 28. h3 Bg7 29. Qb3 Nd7 30. Bxg7 Kxg7 31. d4 cxd4 32. exd4 h6 33. d5 Bb7 34. Nd4 Nc5 35. Qb5 Kg8 36. Nc6 a4 37. Qxc5 Bxc6 38. Qxc6 Qa5 39. c5 Qe1+ 40. Bf1 Kf7 41. d6 1-0

[Event "Regionalliga SO 0506"]
[Site "Bayern"]
[Date "2006.01.29"]
[Round "6.6"]
[White "Wolf, Dietrich Hans"]
[Black "Rosner, Gerhard"]
[Result "1/2-1/2"]
[WhiteElo "1924"]
[BlackElo "2056"]
[PlyCount "39"]
[EventDate "2005.10.23"]
[EventType "team-tourn"]
[EventRounds "9"]
[EventCountry "GER"]
[SourceTitle "EXT 2007"]
[Source "ChessBase"]
[SourceDate "2006.11.23"]
[SourceVersion "1"]
[SourceVersionDate "2006.11.23"]
[SourceQuality "1"]
[WhiteTeam "Freising SK"]
[BlackTeam "Pang/Rosenheim II"]
[WhiteTeamCountry "GER"]
[BlackTeamCountry "GER"]

1. d4 g6 2. c4 Bg7 3. Nc3 d6 4. e4 Nc6 5. Be3 e5 6. d5 Nce7 7. g4 f6 8. h4 Nh6 9. Bh3 Nf7 10. Nge2 f5 11. f3 fxg4 12. fxg4 Bd7 13. g5 Bxh3 14. Rxh3 Qd7 15. Rg3 h5 16. Qa4 c6 17. 0-0-0 c5 18. Rf1 Qxa4 19. Nxa4 0-0 20. Rgf3 1/2-1/2

[Event "Regionalliga SO 0405"]
[Site "Bayern"]
[Date "2005.03.13"]
[Round "8.7"]
[White "Gschwendtner, Klaus"]
[Black "Rosner, Gerhard"]
[Result "1/2-1/2"]
[WhiteElo "2011"]
[BlackElo "2064"]
[PlyCount "42"]
[EventDate "2004.10.24"]
[EventType "team-tourn"]
[EventRounds "9"]
[EventCountry "GER"]
[SourceTitle "EXT 2007"]
[Source "ChessBase"]
[SourceDate "2006.11.23"]
[SourceVersion "1"]
[SourceVersionDate "2006.11.23"]
[SourceQuality "1"]
[WhiteTeam "Starnberg"]
[BlackTeam "Pang/Rosenheim II"]
[WhiteTeamCountry "GER"]
[BlackTeamCountry "GER"]

1. e4 d5 2. exd5 Qxd5 3. Nc3 Qa5 4. d4 Nf6 5. Nf3 Bf5 6. Bc4 e6 7. 0-0 c6 8. Ne5 Bd6 9. Re1 0-0 10. Bf4 Qc7 11. Bg3 Nbd7 12. Bd3 Bxd3 13. Qxd3 Nh5 14. Nxd7 Qxd7 15. Bxd6 Qxd6 16. Ne4 Qe7 17. c3 Nf6 18. Ng3 Rfd8 19. Qf3 Qc7 20. Re5 Rd5 21. Rae1 h6 1/2-1/2

[Event "Regionalliga SO 0405"]
[Site "Bayern"]
[Date "2005.02.13"]
[Round "7.6"]
[White "Obermeier, Siegfried"]
[Black "Rosner, Gerhard"]
[Result "1-0"]
[WhiteElo "2077"]
[BlackElo "2064"]
[PlyCount "93"]
[EventDate "2004.10.24"]
[EventType "team-tourn"]
[EventRounds "9"]
[EventCountry "GER"]
[SourceTitle "EXT 2007"]
[Source "ChessBase"]
[SourceDate "2006.11.23"]
[SourceVersion "1"]
[SourceVersionDate "2006.11.23"]
[SourceQuality "1"]
[WhiteTeam "Dorfen PSV"]
[BlackTeam "Pang/Rosenheim II"]
[WhiteTeamCountry "GER"]
[BlackTeamCountry "GER"]

1. d4 d5 2. c4 e6 3. Nc3 Nf6 4. Nf3 c5 5. cxd5 exd5 6. g3 Nc6 7. Bg2 Be7 8. 0-0 0-0 9. b3 a6 10. Bb2 Re8 11. Rc1 Bg4 12. dxc5 Bxc5 13. Na4 Ba7 14. h3 Bh5 15. Bxf6 Qxf6 16. Qxd5 Bg6 17. e3 h6 18. Nc5 Rad8 19. Qc4 Bxc5 20. Qxc5 Bd3 21. Rfe1 Be4 22. Qc3 Qf5 23. Nd4 Nxd4 24. exd4 Bxg2 25. Rxe8+ Rxe8 26. Kxg2 Qd5+ 27. Qf3 Qxd4 28. Rc7 Rf8 29. Qxb7 a5 30. Rd7 Qf6 31. Qd5 Rc8 32. Qxa5 Re8 33. Rd2 Rc8 34. Qd5 Qe7 35. a4 Qe1 36. Rd1 Qe2 37. Qd3 Qe5 38. Qe3 Qf6 39. Qd4 Qe6 40. Qd5 Qe2 41. a5 Rc3 42. b4 Qb2 43. Rd4 Rc1 44. Rf4 Qe2 45. Qa8+ Kh7 46. Qe4+ Qxe4+ 47. Rxe4 1-0